[Event "II. CLANSKA LIGA ZAHOD 2019"]
[Site "Komenda"]
[Date "2019.11.30"]
[Round "6.2"]
[White "Siraj, Svit"]
[Black "Stubljar, Andrej"]
[Result "0-1"]
[WhiteElo "1724"]
[BlackElo "2004"]
[PlyCount "50"]
[EventDate "2019.11.30"]
[WhiteTeam "SD VRHNIKA"]
[BlackTeam "SK DOLENJSKE TOPLICE"]

1. d4 Nf6 2. Nf3 b6 3. Bf4 Bb7 4. e3 e6 5. Nbd2 a6 6. Bd3 d5 7. Ne5 Bd6 8. Qf3
Qe7 9. O-O Nbd7 10. Rfe1 h6 11. h3 g5 12. Nxd7 gxf4 13. Nxf6+ Qxf6 14. c3 O-O-O
15. e4 e5 16. dxe5 Bxe5 17. exd5 Kb8 18. Qe2 Bd6 19. Bxa6 Bxd5 20. a4 f3 21.
Nxf3 Rhg8 22. Kf1 Rxg2 23. Kxg2 Rg8+ 24. Kf1 Bxf3 25. Qe3 Rg1+ 0-1

[Event "II. CLANSKA LIGA ZAHOD 2019"]
[Site "Komenda"]
[Date "2019.11.30"]
[Round "6.3"]
[White "Janko, Roman"]
[Black "Novak, Robert"]
[Result "1-0"]
[WhiteElo "1859"]
[BlackElo "1698"]
[PlyCount "137"]
[EventDate "2019.11.30"]
[WhiteTeam "SK DOLENJSKE TOPLICE"]
[BlackTeam "SD VRHNIKA"]

1. e4 e5 2. Bc4 Nf6 3. d3 Nc6 4. Nf3 Bc5 5. c3 O-O 6. b4 Bd6 7. Bg5 a6 8. a4 b6
9. Nbd2 Bb7 10. Nf1 h6 11. Be3 Ne7 12. Ng3 Kh7 13. O-O c6 14. Nh4 Bc7 15. Nhf5
Nxf5 16. Nxf5 d5 17. exd5 cxd5 18. Bb3 Qd7 19. Ng3 Qc6 20. f3 Rad8 21. Rc1 Qd6
22. Kh1 Bb8 23. Qd2 e4 24. dxe4 dxe4 25. Qxd6 Rxd6 26. Rcd1 exf3 27. gxf3 Rxd1
28. Bxd1 Rd8 29. Bc2+ g6 30. Bxb6 Rd2 31. Be4 Nxe4 32. Nxe4 Rxh2+ 33. Kg1 Re2
34. Bd4 Bxe4 35. fxe4 Kg8 36. Rf6 Rxe4 37. Rxa6 Be5 38. Bxe5 Rxe5 39. b5 Re1+
40. Kg2 Rb1 41. Rc6 h5 42. Rc5 Kf8 43. a5 Ke7 44. a6 Ra1 45. Rc7+ Kd6 46. Rb7
h4 47. a7 g5 48. b6 g4 49. Rxf7 Kc6 50. b7 Ra2+ 51. Kf1 Ra1+ 52. Ke2 Ra2+ 53.
Kd3 Rxa7 54. b8=Q Rxf7 55. Qe8+ Rd7+ 56. Kc4 g3 57. Qe4+ Kb6 58. Qxh4 Rc7+ 59.
Kb4 Rd7 60. Qxg3 Kc6 61. Qg6+ Kc7 62. c4 Kd8 63. c5 Rb7+ 64. Kc4 Kc7 65. Kd5
Rb3 66. Qh7+ Kb8 67. Kc6 Rb4 68. Qc7+ Ka8 69. Qa5+ 1-0

[Event "II. CLANSKA LIGA ZAHOD 2019"]
[Site "Komenda"]
[Date "2019.11.30"]
[Round "6.4"]
[White "Siraj, Vita"]
[Black "Turkovic, Igor"]
[Result "0-1"]
[WhiteElo "1506"]
[BlackElo "1789"]
[PlyCount "142"]
[EventDate "2019.11.30"]
[WhiteTeam "SD VRHNIKA"]
[BlackTeam "SK DOLENJSKE TOPLICE"]

1. d4 Nf6 2. Nf3 e6 3. Bf4 c5 4. e3 Nc6 5. Nc3 a6 6. Bd3 d5 7. O-O Be7 8. Ne5
O-O 9. Qf3 Nb4 10. dxc5 Bxc5 11. Rac1 b5 12. Be2 Bb7 13. Qg3 Nc6 14. Nxc6 Bxc6
15. Bh6 Ne8 16. Bd3 Bd6 17. Qg4 Kh8 18. Bg5 Qc7 19. Qh4 f5 20. Ne2 e5 21. f3
Kg8 22. e4 f4 23. exd5 h6 24. dxc6 hxg5 25. Qh7+ Kf7 26. Qg6+ Kg8 27. Qxg5 Qxc6
28. Be4 Qc5+ 29. Kh1 Ra7 30. Nc3 Nf6 31. Bd3 Be7 32. Rce1 Bd6 33. Ne4 Nxe4 34.
Bxe4 Rf6 35. Rd1 Re7 36. Rd3 Bc7 37. Rd5 Qc4 38. Rfd1 Kf8 39. Bg6 Ree6 40. Bf5
Rd6 41. Rxd6 Rxd6 42. Bd3 Qe6 43. Re1 Rd4 44. g3 fxg3 45. hxg3 Qh3+ 46. Kg1
Rxd3 47. cxd3 Bb6+ 48. Re3 Bxe3+ 49. Qxe3 Qxg3+ 50. Kf1 Qh3+ 51. Ke2 Qg2+ 52.
Qf2 Qxf2+ 53. Kxf2 Ke7 54. Ke3 Kd6 55. d4 Kd5 56. dxe5 Kxe5 57. f4+ Kd5 58. Kd3
a5 59. b3 Kc5 60. a3 Kd5 61. Ke3 a4 62. bxa4 bxa4 63. Kd3 g6 64. Kc3 Ke4 65.
Kb4 Kxf4 66. Kxa4 g5 67. Kb5 g4 68. a4 g3 69. a5 g2 70. a6 g1=Q 71. Kc6 Qa7 0-1

[Event "II. CLANSKA LIGA ZAHOD 2019"]
[Site "Komenda"]
[Date "2019.11.30"]
[Round "6.5"]
[White "Gorse, Damjan"]
[Black "Sirk, Matija"]
[Result "0-1"]
[WhiteElo "1767"]
[BlackElo "1322"]
[PlyCount "64"]
[EventDate "2019.11.30"]
[WhiteTeam "SK DOLENJSKE TOPLICE"]
[BlackTeam "SD VRHNIKA"]

1. e4 c5 2. g3 Nc6 3. Bg2 g6 4. Ne2 Bg7 5. O-O e5 6. b3 Nge7 7. Bb2 O-O 8. Na3
d5 9. exd5 Nxd5 10. c3 f5 11. f3 f4 12. Nc2 fxg3 13. hxg3 Nf6 14. d4 exd4 15.
cxd4 cxd4 16. Nexd4 Qb6 17. Qd3 Nh5 18. Qc4+ Kh8 19. Kh2 Ne5 20. Qd5 Rd8 21.
Qe4 Bf5 22. Nxf5 gxf5 23. Qxf5 Qh6 24. Bxe5 Nf4+ 25. Kg1 Qb6+ 26. Kh2 Qh6+ 27.
Kg1 Ne2+ 28. Kf2 Qb6+ 29. Kxe2 Qb5+ 30. Ke3 Bxe5 31. Rad1 Bd4+ 32. Kf4 Rf8 0-1

[Event "II. CLANSKA LIGA ZAHOD 2019"]
[Site "Komenda"]
[Date "2019.11.30"]
[Round "6.6"]
[White "Stembal, David"]
[Black "Voglar, Peter"]
[Result "0-1"]
[WhiteElo "1696"]
[BlackElo "2046"]
[PlyCount "64"]
[EventDate "2019.11.30"]
[WhiteTeam "SD VRHNIKA"]
[BlackTeam "SK DOLENJSKE TOPLICE"]

1. e4 c5 2. Bc4 d6 3. Nc3 e6 4. d3 Be7 5. Be3 Nf6 6. Qf3 O-O 7. Nge2 Nc6 8. O-O
a6 9. a3 Kh8 10. Ng3 Qc7 11. Bg5 Nd4 12. Qd1 Bd7 13. Nce2 Nc6 14. c3 h6 15.
Bxf6 Bxf6 16. d4 cxd4 17. cxd4 Nxd4 18. Qd3 Nc6 19. Nh5 Ne5 20. Qc2 Qxc4 21.
Qxc4 Nxc4 22. Nxf6 gxf6 23. b3 Nb6 24. Rfd1 d5 25. exd5 Nxd5 26. f4 f5 27. Nc3
Bc6 28. Nxd5 Bxd5 29. b4 Rac8 30. Rac1 b5 31. Rd2 Rxc1+ 32. Kf2 Rfc8 0-1

[Event "II. CLANSKA LIGA ZAHOD 2019"]
[Site "Komenda"]
[Date "2019.11.30"]
[Round "7.1"]
[White "Racnik, Tone"]
[Black "Buha, Drago"]
[Result "1-0"]
[WhiteElo "1932"]
[BlackElo "1949"]
[PlyCount "69"]
[EventDate "2019.11.30"]
[WhiteTeam "SD VRHNIKA"]
[BlackTeam "SD RADOVLJICA"]

1. e4 e5 2. Nf3 Nc6 3. Bc4 Bc5 4. c3 Nf6 5. b4 Bb6 6. d3 d6 7. Bg5 O-O 8. O-O
Be6 9. Nbd2 Kh8 10. h3 h6 11. Bh4 Nb8 12. Re1 Nbd7 13. d4 Bxc4 14. Nxc4 exd4
15. cxd4 Qc8 16. e5 dxe5 17. dxe5 Nh7 18. Rc1 Qe8 19. Nxb6 cxb6 20. Rc7 Nb8 21.
Rxb7 Qe6 22. Qd6 Qxa2 23. e6 fxe6 24. Rxe6 Na6 25. Kh2 Qc4 26. Ne5 Qxb4 27.
Ng6+ Kg8 28. Qxb4 Nxb4 29. Nxf8 Kxf8 30. Ree7 Nd5 31. Rf7+ Ke8 32. Rxg7 Nhf6
33. Rg6 Nd7 34. Rxh6 Nf8 35. Rd6 1-0

[Event "II. CLANSKA LIGA ZAHOD 2019"]
[Site "Komenda"]
[Date "2019.11.30"]
[Round "7.2"]
[White "Pretnar, Bostjan"]
[Black "Siraj, Svit"]
[Result "1-0"]
[WhiteElo "1768"]
[BlackElo "1724"]
[PlyCount "69"]
[EventDate "2019.11.30"]
[WhiteTeam "SD RADOVLJICA"]
[BlackTeam "SD VRHNIKA"]

1. d4 d5 2. Bf4 c5 3. e3 Nf6 4. Nc3 a6 5. Nf3 e6 6. a4 Be7 7. Bd3 O-O 8. Ne5 c4
9. Be2 Nc6 10. O-O Nxe5 11. dxe5 Nd7 12. e4 Nb6 13. a5 d4 14. Nb1 d3 15. cxd3
cxd3 16. Qxd3 Qxd3 17. Bxd3 Rd8 18. Be2 Nd7 19. Nc3 b5 20. axb6 Nxb6 21. Be3
Nd7 22. f4 Bb7 23. Rad1 Nc5 24. Bf3 Nb3 25. Rxd8+ Rxd8 26. Rd1 Rxd1+ 27. Bxd1
Bc5 28. Kf2 Nd4 29. g3 Kf8 30. Ne2 Bxe4 31. Bxd4 Bxd4+ 32. Nxd4 Ke7 33. Ke3 Bd5
34. Bc2 h6 35. Be4 1-0

[Event "II. CLANSKA LIGA ZAHOD 2019"]
[Site "Komenda"]
[Date "2019.11.30"]
[Round "7.3"]
[White "Novak, Robert"]
[Black "Prestrl, Jozef"]
[Result "1/2-1/2"]
[WhiteElo "1698"]
[BlackElo "1854"]
[PlyCount "67"]
[EventDate "2019.11.30"]
[WhiteTeam "SD VRHNIKA"]
[BlackTeam "SD RADOVLJICA"]

1. d4 d5 2. c4 c6 3. Nf3 g6 4. e3 Bg4 5. Nbd2 Nd7 6. Bd3 Bg7 7. b3 Ngf6 8. Qc2
Bxf3 9. Nxf3 O-O 10. O-O Re8 11. Bb2 Rc8 12. Rac1 Qa5 13. Bc3 Qb6 14. Nd2 e5
15. f3 Qc7 16. e4 dxc4 17. Nxc4 exd4 18. Bxd4 Qb8 19. Rfe1 Nh5 20. Qb2 Rcd8 21.
e5 Nf4 22. Bb1 Bf8 23. a3 Ne6 24. Bc3 Ndc5 25. Rcd1 Rxd1 26. Rxd1 Rd8 27. Qc2
Rxd1+ 28. Qxd1 Qd8 29. Qxd8 Nxd8 30. b4 Nce6 31. g3 a6 32. Kf2 c5 33. Nb6 cxb4
34. Bxb4 1/2-1/2

[Event "II. CLANSKA LIGA ZAHOD 2019"]
[Site "Komenda"]
[Date "2019.11.30"]
[Round "7.4"]
[White "Simnic, Franci"]
[Black "Siraj, Vita"]
[Result "0-1"]
[WhiteElo "1664"]
[BlackElo "1506"]
[PlyCount "86"]
[EventDate "2019.11.30"]
[WhiteTeam "SD RADOVLJICA"]
[BlackTeam "SD VRHNIKA"]

1. Nf3 Nf6 2. d4 d5 3. c4 c6 4. Nc3 Bf5 5. Bg5 e6 6. Qb3 Qb6 7. Nh4 Bg6 8. Nxg6
hxg6 9. e3 Nbd7 10. Qc2 Qc7 11. O-O-O Be7 12. Kb1 Nb6 13. Bf4 Qd7 14. c5 Nc4
15. Bxc4 dxc4 16. Qa4 Nd5 17. Qxc4 Nxf4 18. exf4 O-O 19. h4 Bf6 20. g4 Rad8 21.
g5 Bxd4 22. Ne2 e5 23. h5 Qf5+ 24. Ka1 gxh5 25. fxe5 Bxe5 26. f4 Rxd1+ 27. Rxd1
Bc7 28. Rf1 Re8 29. Ng3 Qg4 30. Ne4 Qe6 31. Qxe6 Rxe6 32. Ng3 g6 33. Kb1 Re3
34. Nh1 Re4 35. f5 Re5 36. b4 Rxf5 37. Rxf5 gxf5 38. Nf2 Bg3 39. Nh3 f4 40. Ng1
h4 41. Kc2 f3 42. Nxf3 h3 43. Ng1 h2 0-1

[Event "II. CLANSKA LIGA ZAHOD 2019"]
[Site "Komenda"]
[Date "2019.11.30"]
[Round "7.5"]
[White "Vodnik, Val"]
[Black "Krivec, Metod"]
[Result "0-1"]
[WhiteElo "1158"]
[BlackElo "1759"]
[PlyCount "154"]
[EventDate "2019.11.30"]
[WhiteTeam "SD VRHNIKA"]
[BlackTeam "SD RADOVLJICA"]

1. d4 g6 2. c4 Bg7 3. Nc3 d6 4. e4 Nc6 5. Nf3 e5 6. d5 Nce7 7. Be2 f5 8. Bg5
Nf6 9. O-O O-O 10. Bxf6 Bxf6 11. Bd3 Kh8 12. Nd2 Bd7 13. f4 exf4 14. exf5 Nxf5
15. Bxf5 Bxf5 16. Rxf4 Be5 17. Rf1 Qh4 18. Nf3 Qxc4 19. Nxe5 dxe5 20. Qe1 Rae8
21. Rf3 e4 22. Re3 Re7 23. Qh4 Rfe8 24. Rae1 Qd4 25. Kh1 Kg7 26. Qg3 a6 27. h3
h5 28. b3 Qe5 29. Qg5 Qf6 30. Qg3 h4 31. Qf4 g5 32. Qf2 Bg6 33. Qe2 Qd4 34. Qg4
Kh6 35. Qe2 Bh5 36. Qc2 Qc5 37. Qb1 Bg6 38. Qd1 Re5 39. Qb1 a5 40. R1e2 b5 41.
Qe1 Bh5 42. Rf2 b4 43. Na4 Qxd5 44. Rd2 Qf7 45. Rf2 Rf5 46. Rxf5 Qxf5 47. Nb2
Bg6 48. Nc4 Qd5 49. Re2 Bh5 50. Rd2 Qf5 51. Ne3 Qf4 52. Rf2 Qe5 53. Rf5 Qb2 54.
Rxa5 Re6 55. Nf5+ Kg6 56. Ne3 Qd4 57. Rd5 Qb2 58. Rd2 Qc3 59. Nd5 Qc5 60. Ne3
Qc3 61. Nd5 Qe5 62. Ne3 c6 63. Rc2 c5 64. Nc4 Qf4 65. Rf2 Qg3 66. Qe3 Qxe3 67.
Nxe3 Rd6 68. Rf1 Rd2 69. Re1 Rxa2 70. Ng4 Bxg4 71. hxg4 Rb2 72. Rxe4 Rxb3 73.
Rc4 Rc3 74. Re4 b3 75. Re6+ Kf7 76. Rb6 c4 77. Kg1 Rc2 0-1

[Event "II. CLANSKA LIGA ZAHOD 2019"]
[Site "Komenda"]
[Date "2019.11.30"]
[Round "7.6"]
[White "Torkar, Boris"]
[Black "Sirk, Matija"]
[Result "1-0"]
[WhiteElo "1777"]
[BlackElo "1322"]
[PlyCount "45"]
[EventDate "2019.11.30"]
[WhiteTeam "SD RADOVLJICA"]
[BlackTeam "SD VRHNIKA"]

1. d4 Nf6 2. c4 e6 3. Nc3 Bb4 4. Bd2 c5 5. e3 b6 6. a3 Ba5 7. Nf3 Bb7 8. Be2
O-O 9. O-O d5 10. cxd5 cxd4 11. Nxd4 Bxc3 12. Bxc3 Nxd5 13. Rc1 Nxc3 14. Rxc3
e5 15. Nf3 e4 16. Qxd8 Rxd8 17. Nd4 Nd7 18. Rc2 Bd5 19. Rfc1 a6 20. Bxa6 Nc5
21. Bc4 Bxc4 22. Rxc4 Ne6 23. Rc6 {nejasno (40)} 1-0

[Event "II. CLANSKA LIGA ZAHOD 2019"]
[Site "Komenda"]
[Date "2019.11.30"]
[Round "7.1"]
[White "Trebusak, Anton"]
[Black "Luzar, Emil"]
[Result "0-1"]
[WhiteElo "1788"]
[BlackElo "2115"]
[PlyCount "64"]
[EventDate "2019.11.30"]
[WhiteTeam "SK KOMENDA"]
[BlackTeam "SK DOLENJSKE TOPLICE"]

1. d4 Nf6 2. Nf3 g6 3. c4 Bg7 4. Nc3 O-O 5. g3 d6 6. Bg2 c6 7. O-O Bf5 8. Re1
Ne4 9. Nxe4 Bxe4 10. Qb3 Qb6 11. Qxb6 axb6 12. Be3 c5 13. Red1 Nc6 14. Ng5 Bxg2
15. Kxg2 cxd4 16. Bd2 d3 17. Bc3 Bxc3 18. bxc3 dxe2 19. Rd2 Ra3 20. Rxe2 Rfa8
21. Rb1 R8a6 22. Reb2 Rxc3 23. Rxb6 Rxa2 24. Rxb7 Rxc4 25. Rc7 Rcc2 26. Nh3 g5
27. Rb5 h6 28. g4 Rc4 29. Kg3 Ra3+ 30. f3 Ra2 31. Nxg5 hxg5 32. Rxg5+ Kh7 0-1

[Event "II. CLANSKA LIGA ZAHOD 2019"]
[Site "Komenda"]
[Date "2019.11.30"]
[Round "7.2"]
[White "Stubljar, Andrej"]
[Black "Novakovic, Novica"]
[Result "1-0"]
[WhiteElo "2004"]
[BlackElo "1690"]
[PlyCount "67"]
[EventDate "2019.11.30"]
[WhiteTeam "SK DOLENJSKE TOPLICE"]
[BlackTeam "SK KOMENDA"]

1. Nf3 d5 2. b3 Bg4 3. Bb2 Nd7 4. d4 Ngf6 5. Nbd2 c6 6. e3 e6 7. Bd3 Bd6 8. h3
Bxf3 9. Nxf3 Qe7 10. O-O O-O 11. a3 e5 12. dxe5 Nxe5 13. Nd4 Nxd3 14. cxd3 Qe5
15. g3 Qg5 16. Kg2 Rfe8 17. Nf3 Qf5 18. Nh4 Qe6 19. Ra2 Be5 20. Bc1 Bd6 21. Nf3
g6 22. Nd4 Qd7 23. f4 Rac8 24. f5 Nh5 25. fxg6 fxg6 26. Nf5 Rf8 27. Raf2 Ng7
28. Nh6+ Kh8 29. Rf7 Rxf7 30. Rxf7 Qe6 31. Bb2 Be5 32. Qa1 Bxb2 33. Qxb2 Rg8
34. Rxb7 1-0

[Event "II. CLANSKA LIGA ZAHOD 2019"]
[Site "Komenda"]
[Date "2019.11.30"]
[Round "7.3"]
[White "Perme, Martin"]
[Black "Janko, Roman"]
[Result "0-1"]
[WhiteElo "1489"]
[BlackElo "1859"]
[PlyCount "40"]
[EventDate "2019.11.30"]
[WhiteTeam "SK KOMENDA"]
[BlackTeam "SK DOLENJSKE TOPLICE"]

1. e4 c5 2. Nf3 Nc6 3. d4 cxd4 4. Nxd4 e5 5. Nb5 d6 6. N1c3 a6 7. Na3 Be6 8.
Be3 Nf6 9. f3 d5 10. exd5 Nxd5 11. Nxd5 Qxd5 12. Qxd5 Bxd5 13. O-O-O Bxa2 14.
Nc4 Bxc4 15. Bxc4 Be7 16. Rd2 Rd8 17. Rhd1 Rxd2 18. Rxd2 h6 19. Bb6 Bg5 20. Bd5
Bxd2+ 0-1

[Event "II. CLANSKA LIGA ZAHOD 2019"]
[Site "Komenda"]
[Date "2019.11.30"]
[Round "7.4"]
[White "Turkovic, Igor"]
[Black "Zaloznik, Vesna"]
[Result "0-1"]
[WhiteElo "1789"]
[BlackElo "1586"]
[PlyCount "69"]
[EventDate "2019.11.30"]
[WhiteTeam "SK DOLENJSKE TOPLICE"]
[BlackTeam "SK KOMENDA"]

1. d4 Nf6 2. c4 e5 3. d5 Bc5 4. e3 d6 5. Nf3 Bg4 6. Be2 Nbd7 7. Nc3 Qe7 8. a3
a5 9. O-O O-O 10. b3 Rfe8 11. Bb2 e4 12. Nd4 Ne5 13. Bxg4 Nfxg4 14. Nf5 Qg5 15.
Ng3 Qh4 16. h3 Nxe3 17. Qe2 Nxf1 18. Nxf1 f5 19. Nb5 Re7 20. Nd4 Bxd4 21. Bxd4
Nd3 22. Kh2 f4 23. g3 Qh6 24. Rd1 Rae8 25. Qg4 c5 26. dxc6 bxc6 27. b4 axb4 28.
axb4 Nxb4 29. gxf4 c5 30. Be3 Nc2 31. Bc1 Qe6 32. Qg2 Qxc4 33. Rxd6 Ne1 34. Ne3
Qxc1 35. Qg5 0-1

[Event "II. CLANSKA LIGA ZAHOD 2019"]
[Site "Komenda"]
[Date "2019.11.30"]
[Round "7.5"]
[White "Cimperman, Teo"]
[Black "Gorse, Damjan"]
[Result "0-1"]
[WhiteElo "1364"]
[BlackElo "1767"]
[PlyCount "86"]
[EventDate "2019.11.30"]
[WhiteTeam "SK KOMENDA"]
[BlackTeam "SK DOLENJSKE TOPLICE"]

1. e4 c5 2. Nf3 d6 3. d4 cxd4 4. Nxd4 Nf6 5. Nc3 a6 6. f3 g6 7. Be3 Nc6 8. Qd2
Bg7 9. h4 h5 10. O-O-O Bd7 11. Kb1 b5 12. Nb3 Rb8 13. Be2 Ne5 14. Bf4 Nc4 15.
Qe1 Qb6 16. Qf1 Ne3 17. Bxe3 Qxe3 18. Rd3 Qb6 19. Qd1 a5 20. Qg1 Qxg1+ 21. Rxg1
a4 22. Nc1 b4 23. Nd5 Nxd5 24. exd5 Bf5 25. Rdd1 Kd7 26. Bd3 Bxd3 27. Nxd3 Rhc8
28. g4 hxg4 29. fxg4 Rc4 30. Rdf1 Ke8 31. h5 Rb5 32. hxg6 fxg6 33. Nf4 g5 34.
Ne6 Bf6 35. Nxg5 Bxg5 36. Rf5 Be3 37. Rg3 Re4 38. b3 a3 39. c4 bxc3 40. Rh3 Bd4
41. Kc2 Rxg4 42. Kd3 Be5 43. Rhf3 Rd4+ 0-1

[Event "II. CLANSKA LIGA ZAHOD 2019"]
[Site "Komenda"]
[Date "2019.11.30"]
[Round "7.6"]
[White "Voglar, Peter"]
[Black "Macek, Inti"]
[Result "1-0"]
[WhiteElo "2046"]
[BlackElo "1194"]
[PlyCount "93"]
[EventDate "2019.11.30"]
[WhiteTeam "SK DOLENJSKE TOPLICE"]
[BlackTeam "SK KOMENDA"]

1. c4 e5 2. Nc3 Nf6 3. g3 d5 4. cxd5 Nxd5 5. Bg2 Nxc3 6. bxc3 Bc5 7. d3 c6 8.
Nf3 O-O 9. O-O Be6 10. Nxe5 Qf6 11. d4 Bd6 12. Nf3 Nd7 13. e4 Bc7 14. Re1 Rad8
15. Bg5 Qg6 16. Bxd8 Rxd8 17. Qc2 h6 18. c4 Nf6 19. Rac1 Bf4 20. Nh4 Qg5 21.
gxf4 Qxh4 22. f5 Bd7 23. Re3 Qf4 24. Rce1 Ng4 25. Rg3 h5 26. h3 Nf6 27. Qc1 Qc7
28. Qg5 Ne8 29. Qxh5 Qa5 30. Qe2 Qb6 31. Rd1 Nf6 32. e5 Re8 33. Re3 Nh7 34. e6
fxe6 35. fxe6 Bc8 36. d5 cxd5 37. cxd5 Qd6 38. Qf3 Nf6 39. Qg3 Qd8 40. Bf3 b6
41. Re5 Qe7 42. d6 Qf8 43. d7 Rd8 44. e7 Qf7 45. exd8=Q+ Kh7 46. Qh4+ Kg6 47.
Rg5# 1-0

[Event "II. CLANSKA LIGA ZAHOD 2019"]
[Site "Komenda"]
[Date "2019.11.30"]
[Round "7.2"]
[White "Jeraj, Zlatko"]
[Black "Logar, Metod"]
[Result "1/2-1/2"]
[WhiteElo "2032"]
[BlackElo "1982"]
[PlyCount "59"]
[EventDate "2019.11.30"]
[WhiteTeam "SD SIJ ACRONI JESENICE"]
[BlackTeam "SS TZ PREVODI DVOJKA"]

1. d4 Nf6 2. c4 e6 3. Nf3 b6 4. Nc3 Bb4 5. Qc2 Bb7 6. e3 O-O 7. Bd3 d5 8. Bd2
Nbd7 9. cxd5 exd5 10. Ne2 Bd6 11. Ng3 Re8 12. O-O c5 13. Bc3 Rc8 14. Bf5 g6 15.
Bxd7 Nxd7 16. Rfe1 Qe7 17. Rac1 Nf8 18. Qb1 Ne6 19. Nf1 Ng5 20. Nxg5 Qxg5 21.
Qd3 c4 22. Qd2 a5 23. Ng3 f5 24. f4 Qh4 25. Rf1 Re7 26. Rf3 Rce8 27. Nf1 Re4
28. Ng3 R4e7 29. Nf1 Re4 30. Ng3 1/2-1/2

[Event "II. CLANSKA LIGA ZAHOD 2019"]
[Site "Komenda"]
[Date "2019.11.30"]
[Round "7.3"]
[White "Planinsek, Bojan"]
[Black "Pazlar, Marko"]
[Result "1/2-1/2"]
[WhiteElo "1734"]
[BlackElo "2028"]
[PlyCount "62"]
[EventDate "2019.11.30"]
[WhiteTeam "SS TZ PREVODI DVOJKA"]
[BlackTeam "SD SIJ ACRONI JESENICE"]

1. e4 e6 2. d4 d5 3. exd5 Qxd5 4. Nf3 Nf6 5. c3 c5 6. Bb5+ Bd7 7. Bxd7+ Nbxd7
8. O-O Be7 9. Bf4 O-O 10. Nbd2 Rfd8 11. Nb3 c4 12. Nbd2 b5 13. Re1 Qf5 14. Bg3
Nh5 15. Nf1 Nxg3 16. Nxg3 Qd5 17. Ne5 Bd6 18. Nxd7 Rxd7 19. Ne4 Be7 20. Ng3 Bd6
21. Ne4 Be7 22. Ng3 Bd6 23. Ne4 Be7 24. Ng3 Bd6 25. Ne4 Be7 26. Ng3 Bd6 27. Ne4
Be7 28. Ng3 Bd6 29. Ne4 Be7 30. Ng3 Bd6 31. Ne4 Be7 1/2-1/2

[Event "II. CLANSKA LIGA ZAHOD 2019"]
[Site "Komenda"]
[Date "2019.11.30"]
[Round "7.4"]
[White "Pavlin, Ivan"]
[Black "Markun, Ozbej"]
[Result "1-0"]
[WhiteElo "1858"]
[BlackElo "1476"]
[PlyCount "105"]
[EventDate "2019.11.30"]
[WhiteTeam "SD SIJ ACRONI JESENICE"]
[BlackTeam "SS TZ PREVODI DVOJKA"]

1. d4 d5 2. c4 e6 3. Nc3 Nf6 4. cxd5 exd5 5. Nf3 Be7 6. e3 O-O 7. Be2 b6 8. O-O
Bb7 9. Ne5 Nbd7 10. f4 c5 11. Kh1 Ne4 12. Nxe4 dxe4 13. Bb5 Nxe5 14. dxe5 Qxd1
15. Rxd1 Rfd8 16. Bd2 Bd5 17. b3 a6 18. Be2 Bb7 19. Kg1 Kf8 20. Kf2 Bc6 21. Bc3
b5 22. Ba5 Re8 23. Rac1 Rab8 24. Bc7 Rbc8 25. Bd6 Bb7 26. Bg4 Rcd8 27. Bxc5
Rxd1 28. Bxd1 Bxc5 29. Rxc5 Rd8 30. Ke2 Bc8 31. h3 Bb7 32. Rc7 Bc8 33. Bc2 Be6
34. Bxe4 g6 35. g4 a5 36. f5 Bd5 37. Kf3 Bxe4+ 38. Kxe4 Rd2 39. f6 Ke8 40. Re7+
Kf8 41. Ra7 Ke8 42. Rxa5 Rh2 43. Rxb5 Rxh3 44. a4 Rh4 45. Kf3 Rh3+ 46. Kf4 h5
47. gxh5 gxh5 48. a5 Rh1 49. a6 Ra1 50. Rb8+ Kd7 51. Rb7+ Kc6 52. Rxf7 Rxa6 53.
e6 1-0

[Event "II. CLANSKA LIGA ZAHOD 2019"]
[Site "Komenda"]
[Date "2019.11.30"]
[Round "7.5"]
[White "Bobnar, Samo"]
[Black "Ravnik, Franc"]
[Result "1/2-1/2"]
[WhiteElo "1409"]
[BlackElo "1871"]
[PlyCount "60"]
[EventDate "2019.11.30"]
[WhiteTeam "SS TZ PREVODI DVOJKA"]
[BlackTeam "SD SIJ ACRONI JESENICE"]

1. e4 e5 2. Nf3 d6 3. d4 exd4 4. Nxd4 Nf6 5. Nc3 Be7 6. Bc4 O-O 7. O-O c6 8.
Re1 Re8 9. Bd3 Nbd7 10. Bf4 Nc5 11. Bc4 Bf8 12. Qf3 Ne6 13. Nf5 Nxf4 14. Qxf4
Bxf5 15. Qxf5 Re5 16. Qf3 Qb6 17. Bb3 Rae8 18. Re2 Qc7 19. Rae1 b5 20. a3 a5
21. Qd3 Nd7 22. Qf3 Nc5 23. Ba2 b4 24. Nb1 Ne6 25. c3 Ng5 26. Qd3 Ne6 27. Qf3
Ng5 28. Qd3 Ne6 29. Qf3 Ng5 30. Qd3 Ne6 1/2-1/2

[Event "II. CLANSKA LIGA ZAHOD 2019"]
[Site "Komenda"]
[Date "2019.11.30"]
[Round "7.6"]
[White "Kokalj, Janez"]
[Black "Rogelj, Tomaz"]
[Result "1-0"]
[WhiteElo "1864"]
[BlackElo "1765"]
[PlyCount "99"]
[EventDate "2019.11.30"]
[WhiteTeam "SD SIJ ACRONI JESENICE"]
[BlackTeam "SS TZ PREVODI DVOJKA"]

1. Nf3 Nf6 2. Nc3 g6 3. e4 d6 4. h3 Bg7 5. d4 Nbd7 6. Bd3 O-O 7. Be3 e5 8. d5
Nb6 9. Qd2 Re8 10. Bg5 Bd7 11. O-O c6 12. dxc6 Bxc6 13. Nh2 Qc7 14. Rae1 d5 15.
f4 dxe4 16. Bxf6 Bxf6 17. Bxe4 exf4 18. Bxc6 Qxc6 19. Rxe8+ Rxe8 20. Qxf4 Re6
21. Ng4 Kg7 22. Qh6+ Kg8 23. Kh1 Bxc3 24. bxc3 f5 25. Qf4 Re2 26. Nf2 Nd5 27.
Qb8+ Kg7 28. c4 Ne3 29. Qe5+ Kf7 30. Ne4 Qxe4 31. Qxe4 Nxf1 32. Qxb7+ Kf6 33.
Kg1 Ne3 34. Qc6+ Kg5 35. h4+ Kxh4 36. c5 Ng4 37. Kf1 Rxc2 38. Qd6 Ne3+ 39. Kg1
Rxg2+ 40. Kh1 Kh3 41. Qf4 Ng4 42. Qf3+ Rg3 43. Qf1+ Kh4 44. c6 Rc3 45. Qe1+ Rg3
46. c7 f4 47. c8=Q f3 48. Qc4 Kh3 49. Qcf1+ Rg2 50. Qxf3+ 1-0

[Event "II. CLANSKA LIGA ZAHOD 2019"]
[Site "Komenda"]
[Date "2019.11.30"]
[Round "7.2"]
[White "Rolih, Miran"]
[Black "Kodela, Marko"]
[Result "1/2-1/2"]
[WhiteElo "1880"]
[BlackElo "1960"]
[PlyCount "100"]
[EventDate "2019.11.30"]
[WhiteTeam "SK RIMEX ILIRSKA BISTRICA"]
[BlackTeam "SK LJUBLJANA"]

1. Nf3 Nf6 2. d3 g6 3. e4 d6 4. g3 Bg7 5. Bg2 c5 6. O-O O-O 7. Nbd2 Nc6 8. Re1
Rb8 9. a4 a6 10. Nf1 Bd7 11. Nh4 b5 12. axb5 axb5 13. f4 Qb6 14. h3 e5 15. f5
Ra8 16. Rxa8 Rxa8 17. g4 Ra1 18. Nf3 Qa7 19. Kh2 Qa4 20. Ng3 Nb4 21. g5 Na2 22.
b3 Qa7 23. gxf6 Bh6 24. Bxh6 Rxd1 25. Rxd1 Nc3 26. Rf1 Qa2 27. fxg6 hxg6 28.
Ne1 Be6 29. Bd2 Nb1 30. Rf2 Nxd2 31. Rxd2 Bxb3 32. Nf3 Be6 33. c4 Qb1 34. cxb5
Qxb5 35. Bf1 Qb4 36. Rf2 Bb3 37. Kg2 Qc3 38. h4 Qc1 39. Ne2 Qe3 40. Ne1 c4 41.
Rf3 Qd2 42. dxc4 Bxc4 43. Kf2 d5 44. exd5 e4 45. Re3 Bxe2 46. Bxe2 Qxd5 47. Kg3
Qe5+ 48. Kh3 Qxf6 49. Ng2 Qe6+ 50. Kg3 Kg7 1/2-1/2

[Event "II. CLANSKA LIGA ZAHOD 2019"]
[Site "Komenda"]
[Date "2019.11.30"]
[Round "7.3"]
[White "Zmavc, Mark"]
[Black "Dasic, Jelena"]
[Result "1-0"]
[WhiteElo "1839"]
[BlackElo "1798"]
[PlyCount "115"]
[EventDate "2019.11.30"]
[WhiteTeam "SK LJUBLJANA"]
[BlackTeam "SK RIMEX ILIRSKA BISTRICA"]

1. d4 Nf6 2. c4 e6 3. Nc3 Bb4 4. Qc2 d5 5. cxd5 exd5 6. Bg5 h6 7. Bh4 c5 8.
dxc5 g5 9. Bg3 Ne4 10. e3 Qa5 11. Be5 f6 12. Bd4 Nc6 13. Rc1 Bf5 14. Bd3 Ne5
15. Bxe5 fxe5 16. Nge2 O-O 17. O-O Bxc3 18. Nxc3 Nxc3 19. bxc3 e4 20. Be2 Qxc5
21. Qb3 b6 22. c4 Rac8 23. Qb2 Bd7 24. Rfd1 Qe7 25. Rxd5 Qf7 26. Bf1 b5 27.
Rcd1 Bg4 28. R1d2 bxc4 29. Qd4 c3 30. Rc2 Be6 31. Rd6 Rc7 32. Qe5 Re7 33. Qxc3
Rd7 34. Rxd7 Qxd7 35. Qe5 Qd5 36. Qxe6+ Qxe6 37. Bc4 Qxc4 38. Rxc4 Rb8 39. g4
Re8 40. Rc7 a5 41. Rc5 Re6 42. Rxa5 Kg7 43. Kg2 Kg6 44. Kg3 Rf6 45. a4 h5 46.
gxh5+ Kxh5 47. Re5 Rb6 48. Rxe4 Rb1 49. a5 Rg1+ 50. Kf3 g4+ 51. Ke2 Ra1 52.
Re5+ Kh4 53. e4 Kh3 54. Rh5+ Kg2 55. Ke3 Ra3+ 56. Kf4 Ra4 57. Kxg4 Rxe4+ 58. f4
1-0

[Event "II. CLANSKA LIGA ZAHOD 2019"]
[Site "Komenda"]
[Date "2019.11.30"]
[Round "7.4"]
[White "Smolej, Ziga"]
[Black "Sivcevic, Nusret"]
[Result "1/2-1/2"]
[WhiteElo "1632"]
[BlackElo "1748"]
[PlyCount "63"]
[EventDate "2019.11.30"]
[WhiteTeam "SK RIMEX ILIRSKA BISTRICA"]
[BlackTeam "SK LJUBLJANA"]

1. d4 f5 2. c4 Nf6 3. Nc3 e6 4. g3 Bb4 5. Bg2 O-O 6. Nf3 Qe8 7. O-O Bxc3 8.
bxc3 d6 9. Ba3 Ne4 10. Qc2 Nd7 11. Nd2 Nxd2 12. Qxd2 Nb6 13. c5 Nc4 14. Qc1 Qa4
15. Bb2 Nxb2 16. Qxb2 dxc5 17. dxc5 Qc4 18. Qb4 Qxe2 19. Bxb7 Rb8 20. c6 Qf3
21. Rab1 f4 22. Qc4 fxg3 23. fxg3 Qe3+ 24. Kh1 Rxf1+ 25. Rxf1 Rxb7 26. Qh4 g5
27. Qh5 Qe4+ 28. Kg1 Qe3+ 29. Kh1 Qe4+ 30. Kg1 Qe3+ 31. Kh1 Qe4+ 32. Kg1
1/2-1/2